000 00292nam a22001337a 4500
008 170629b xxu||||| |||| 00| 0 eng d
020 _a9780813334899
041 _aeng
080 _a94
100 _a18
101 _aSHH
245 _aMODERN MIDLE EAST
_cCHEVELAND.W.L
942 _2udc
_cBK
999 _c19644
_d19644